| 000 | 01109nam a2200313 i 4500 | ||
|---|---|---|---|
| 003 | EG-GICUC | ||
| 005 | 20260204184218.0 | ||
| 008 | 260109s2007 ua |||fr|||| 00| 0 ara d | ||
| 040 |
_a EG-GICUC _bara _c EG-GICUC _d EG-GICUC _erda |
||
| 041 | 0 | _aAra | |
| 082 | 0 | 4 |
_221 _a343.6 _bم ح . ف |
| 092 | 0 | 4 | _221 |
| 099 | _aLaw1 10 343.6 م ح . ف 2007 | ||
| 100 | 0 |
_aمحمود نجيب حسنى _eمؤلف. |
|
| 245 | 1 | 2 |
_aالفقه الجنائى الإسلامى : _bالجريمة / _cتأليف الدكتور محمود نجيب حسنى. |
| 250 | _aالطبعة الأولى | ||
| 264 | 1 |
_aالقاهرة : _bدار النهضة العربية، _c2007. |
|
| 300 |
_a582 صفحة؛ _c24 سم |
||
| 336 |
_2rda content _atext |
||
| 337 |
_2rda media _aComputer |
||
| 338 |
_2rda carrier _aOnline Resource |
||
| 546 | _aالنص باللغة العربية | ||
| 650 | 1 |
_aعلم الإجرام _2qrmak |
|
| 650 | 1 |
_aالقانون الجنائى _2qrmak |
|
| 651 | 1 | _2qrmak | |
| 856 | 4 | 0 | _uhttps://fll.law.cu.edu.eg/fulltext/bks/B10-07426.pdf |
| 905 |
_a54 _eYara |
||
| 942 |
_2ddc _cBK _e21 _n0 |
||
| 999 |
_c55682 _d55682 |
||